LEADER 01698nam 2200433 450 001 9910466953903321 005 20200122131340.0 010 $a2-335-01703-9 035 $a(CKB)3790000000023845 035 $a(EBL)2087053 035 $a(MiAaPQ)EBC2087053 035 $a(Au-PeEL)EBL2087053 035 $a(OCoLC)914148466 035 $a(EXLCZ)993790000000023845 100 $a20200122d2015 uy 0 101 0 $afre 135 $aur|n|---||||| 181 $ctxt$2rdacontent 182 $cc$2rdamedia 183 $acr$2rdacarrier 200 10$aLettre historique et politique sur le Commerce de la Librairie /$fDenis Diderot 210 1$a[Place of publication not identified] :$cLigaran,$d[2015] 210 4$dİ2015 215 $a1 online resource (105 p.) 300 $aDescription based upon print version of record. 327 $aCouverture; Page de Copyright; Page de titre; De?dicace; Notice pre?liminaire; Lettre adresse?e a? un magistrat sur le commerce de la librairie 330 $a Extrait : ""A l'issue du congre?s tenu a? Bruxelles pour re?gler les droits de la proprie?te? litte?raire, MM.Ed. Laboulaye et Georges Guiffrey eurent la pense?e de re?unir et d'annoter les me?moires et ordonnances que cette grosse question avait provoque?s au sie?cle dernier."" 606 $aFeminism$zGermany 608 $aElectronic books. 615 0$aFeminism 676 $a305.420943 700 $aDiderot$b Denis$f1713-1784,$0346081 801 0$bMiAaPQ 801 1$bMiAaPQ 801 2$bMiAaPQ 906 $aBOOK 912 $a9910466953903321 996 $aLettre historique et politique sur le Commerce de la Librairie$92443825 997 $aUNINA LEADER 02304nam0 22004333i 450 001 IEI0084720 005 20251003044158.0 010 $a8823000661 100 $a19940729d1991 ||||0itac50 ba 101 | $aita 102 $ait 181 1$6z01$ai $bxxxe 182 1$6z01$an 200 1 $aTerziario e contrattazione$euna proposta di innovazione del modello contrattuale e del sistema di relazioni sindacali$fRoberto Di Gioacchino$gpresentazione di Gino Giugni 210 $aRoma$cEdiesse$dcopyr. 1991 215 $a130 p.$d20 cm. 225 | $aDossier 410 0$1001CFI0033512$12001 $aDossier 606 $aContratti collettivi$xSettore terziario$xItalia$2FIR$3UFIC043439$9I 676 $a331.89$9Economia del lavoro - Sindacati, contrattazione e controversie collettive$v14 676 $a331.89$9CONTRATTAZIONE COLLETTIVA E VERTENZE SINDACALI$v20 676 $a331.89041$9Contrattazione e controversie collettive in industrie e professioni non dei settori primario, manifatturiero, delle costruzioni$v21 696 $aAccordi collettivi$aContratti collettivi d'impiego$aRapporti collettivi di lavoro$aContratti collettivi di lavoro$aAccordi collettivi di lavoro 699 $aContratti collettivi$yAccordi collettivi 699 $aContratti collettivi$zContratti collettivi d'impiego 699 $aContratti collettivi$yRapporti collettivi di lavoro 699 $aContratti collettivi$yContratti collettivi di lavoro 699 $aContratti collettivi$yAccordi collettivi di lavoro 700 1$aDi Gioacchino$b, Roberto$3RMSV752223$4070$0106096 702 1$aGiugni$b, Gino$3CFIV015129 790 1$aGiugni$b, Luigi$3SBNV013275$zGiugni, Gino 801 3$aIT$bIT-000000$c19940729 850 $aIT-BN0095 901 $bNAP 01$cPOZZO LIB.$nVi sono collocati fondi di economia, periodici di ingegneria e scienze, periodici di economia e statistica e altri fondi comprendenti documenti di economia pervenuti in dono. 912 $aIEI0084720 950 0$aBiblioteca Centralizzata di Ateneo$c1 v.$d 01POZZO LIB.ECON MON 7730$e 0101 0000116095E VMA 1 v. (stampa 1991. - Precedente collocazione: GUERRAZZI A 465)$fB $h20091230$i20091230 977 $a 01 996 $aTerziario e contrattazione$963781 997 $aUNISANNIO